|
|
|
|
| LEADER |
01087nam a2200229 a 4500 |
| 001 |
350106 |
| 008 |
100422s1934 enkcfh 000 0 eng d |
| 010 |
|
|
|a 34033450
|
| 040 |
|
|
|a DLC
|c WSU
|d OCL
|d m.c.
|d SER
|d ORE
|d DB-DhAAL
|
| 082 |
|
|
|a 820.9
|
| 100 |
1 |
|
|a Legouis, Emile,
|d 1861-1937.
|
| 245 |
1 |
2 |
|a A short history of English literature,
|c by Émile Legouis ... translated by V.F. Boyson and J. Coulson.
|
| 260 |
|
|
|a Oxford,
|b The Clarendon Press,
|c 1934.[reprinted 1989]
|
| 300 |
|
|
|a xvi, 404 p.
|b XL pl. (incl. front., ports., facsims.)
|c 20 cm.
|
| 500 |
|
|
|a "The present volume is a stepping-stone to the larger History of English literature written by Professor Cazamian and myself."--Pref.
|
| 541 |
1 |
|
|e 00009253
|
| 650 |
|
0 |
|a English literature
|x History and criticism.
|
| 700 |
1 |
|
|a Boyson, V. F.
|
| 700 |
1 |
|
|a Coulson, Jessie Senior,
|d 1903-
|
| 852 |
4 |
|
|a Ayesha Abed Library
|j General Shelf.
|
| 999 |
|
|
|c 8216
|d 8216
|
| 952 |
|
|
|0 0
|1 0
|2 ddc
|4 0
|6 820_900000000000000_LEG_1989
|7 0
|9 9405
|a BRACUL
|b BRACUL
|c GEN
|d 2010-04-25
|l 3
|m 5
|o 820.9 LEG
|p 3010009253
|q 2026-06-02
|r 2026-05-17
|s 2026-05-17
|t 1
|w 2010-04-25
|y BK
|